[Event "SC Klein-Berlin Rheine 2 - SC Falke Sae"]
[Site "Verbandsklasse 2018/2019"]
[Date "2019.03.09"]
[Round "7.1"]
[White "Vos, Thomas"]
[Black "Ratert, Matthias"]
[Result "1/2-1/2"]
[WhiteElo "2044"]
[BlackElo "1878"]
[PlyCount "89"]
[EventDate "2019.??.??"]
[SourceDate "2018.10.06"]

1. Nf3 c5 2. e3 Nc6 3. c4 g6 4. d4 Bg7 5. d5 Nb8 6. e4 d6 7. Nc3 Nh6 8. Bf4 Nd7
9. h3 f6 10. Qd2 Nf7 11. Be2 a6 12. h4 Nde5 13. h5 g5 14. Nxe5 dxe5 15. Be3 Qc7
16. h6 Nxh6 17. Bh5+ Kf8 18. Qe2 Bd7 19. O-O-O Qc8 20. d6 e6 21. g3 Nf7 22. f4
h6 23. Bxf7 Kxf7 24. f5 exf5 25. Qh5+ Kf8 26. exf5 Qe8 27. Qe2 b6 28. Nd5 Rb8
29. Ne7 Rh7 30. Qd3 Qf7 31. g4 Ke8 32. Qb3 b5 33. Nd5 Rc8 34. Nc7+ Kf8 35. Rd5
Kg8 36. cxb5 c4 37. Qxc4 axb5 38. Qc5 h5 39. gxh5 Rxh5 40. Rxh5 Qxh5 41. Rd1
Qf3 42. Qd5+ Qxd5 43. Rxd5 Bf8 44. Kd2 Bxf5 45. Bxg5 1/2-1/2

[Event "SC Klein-Berlin Rheine 2 - SC Falke Sae"]
[Site "Verbandsklasse 2018/2019"]
[Date "2019.03.09"]
[Round "7.2"]
[White "Hauk, Viktoria"]
[Black "Hegemann, Eike"]
[Result "1-0"]
[WhiteElo "1862"]
[BlackElo "1958"]
[PlyCount "41"]
[EventDate "2019.??.??"]
[SourceDate "2018.10.06"]

1. d4 d5 2. Nf3 Nf6 3. Bg5 e6 4. e3 Be7 5. Bd3 O-O 6. Nbd2 Nbd7 7. O-O b6 8. c3
Bb7 9. Qe2 c5 10. Rac1 a6 11. Rfd1 Re8 12. Bf4 b5 13. Ne5 c4 14. Bb1 b4 15. Qf3
Nb6 16. Ndxc4 bxc3 17. Rxc3 Ne4 18. Nxf7 Kxf7 19. Bc7+ Kg8 20. Bxd8 dxc4 21.
Bxe4 1-0

[Event "SC Klein-Berlin Rheine 2 - SC Falke Sae"]
[Site "Verbandsklasse 2018/2019"]
[Date "2019.03.09"]
[Round "7.3"]
[White "Fischer, Andreas"]
[Black "Van Dijk, Guido"]
[Result "0-1"]
[WhiteElo "1917"]
[BlackElo "1769"]
[PlyCount "134"]
[EventDate "2019.??.??"]
[SourceDate "2018.10.06"]

1. e4 c6 2. d4 d5 3. exd5 cxd5 4. Bd3 Nc6 5. c3 Nf6 6. Bf4 Qb6 7. Qb3 Qxb3 8.
axb3 Bd7 9. Nf3 Rc8 10. Nbd2 e6 11. h3 Be7 12. O-O O-O 13. Rfe1 Rfd8 14. b4 a6
15. Nb3 Be8 16. Nc5 Bxc5 17. bxc5 Nd7 18. b4 Ra8 19. Kf1 Na7 20. Ke2 Nf6 21.
Kd2 h6 22. Ne5 Bb5 23. Bxb5 Nxb5 24. f3 Na7 25. Ra2 Rac8 26. g4 Nd7 27. Nd3 Nb8
28. Bxb8 Rxb8 29. Ne5 Rbc8 30. f4 Nc6 31. Nxc6 Rxc6 32. Rb1 Rd7 33. b5 axb5 34.
Rxb5 g6 35. Ra8+ Kg7 36. Rb8 Rcc7 37. Ra5 g5 38. Ke3 f5 39. Raa8 Kf6 40. Rh8
Kg6 41. Rae8 Re7 42. Rhg8+ Kf6 43. Rb8 Rf7 44. Rh8 Kg6 45. Rbg8+ Rg7 46. gxf5+
Kxf5 47. Rxg7 Rxg7 48. Rf8+ Kg6 49. Kd3 gxf4 50. Rxf4 Kh5 51. Rf6 Re7 52. h4
Kxh4 53. Rxh6+ Kg5 54. Rh8 Rc7 55. Kc2 Kf5 56. Kb3 b6 57. Kb4 bxc5+ 58. dxc5
Rb7+ 59. Ka4 Ke5 60. Rh5+ Ke4 61. c6 Rb6 62. c7 Rc6 63. Rh7 Rxc3 64. Kb5 d4 65.
Rd7 d3 66. Rd6 Rxc7 67. Rxe6+ Kd5 0-1

[Event "SC Klein-Berlin Rheine 2 - SC Falke Sae"]
[Site "Verbandsklasse 2018/2019"]
[Date "2019.03.09"]
[Round "7.4"]
[White "Miethe, Christoph"]
[Black "Waltermann, Jens"]
[Result "1/2-1/2"]
[WhiteElo "1747"]
[BlackElo "1821"]
[PlyCount "126"]
[EventDate "2019.??.??"]
[SourceDate "2018.10.06"]

1. e4 g6 2. d4 Bg7 3. Nc3 d6 4. f4 Nd7 5. Nf3 c6 6. e5 Nb6 7. Bd3 h5 8. Qe2 d5
9. Bd2 Nh6 10. O-O-O Bf5 11. Bxf5 Nxf5 12. b3 e6 13. Qf2 Qe7 14. Kb1 a5 15. a4
Nc8 16. Ka2 Ra6 17. Bc1 Bf8 18. Nb1 b5 19. Ba3 b4 20. Bc1 Qa7 21. h3 h4 22.
Rhe1 c5 23. dxc5 Bxc5 24. Qe2 Rc6 25. Qb5 Qb6 26. Qxb6 Nxb6 27. Kb2 Ke7 28. Bd2
Rhc8 29. Rc1 d4 30. Ng5 Nd5 31. Ne4 Ba7 32. Red1 Nde3 33. Bxe3 Nxe3 34. Rd2 Nd5
35. Nd6 Rxd6 36. exd6+ Kxd6 37. Rf1 Rc3 38. Re2 Rg3 39. Nd2 f5 40. Nc4+ Ke7 41.
Nxa5 Kf6 42. Nc6 Bc5 43. Ne5 Bd6 44. Nd3 Ne3 45. Rg1 g5 46. fxg5+ Rxg5 47. a5
e5 48. a6 e4 49. a7 Rg8 50. Nf2 Be5 51. Nd3 exd3 52. cxd3 Ra8 53. Ra1 Kg5 54.
Ra5 Bc7 55. Ra6 Bg3 56. Kb1 Kf4 57. Rea2 Nxg2 58. Rxg2 Ke3 59. Kc2 f4 60. Rd2
f3 61. Re6+ Kf4 62. Rf6+ Ke3 63. Re6+ Kf4 1/2-1/2

[Event "SC Klein-Berlin Rheine 2 - SC Falke Sae"]
[Site "Verbandsklasse 2018/2019"]
[Date "2019.03.09"]
[Round "7.5"]
[White "Bartsch, Jan"]
[Black "Horstmann, Michael"]
[Result "1-0"]
[WhiteElo "1742"]
[BlackElo "1670"]
[PlyCount "99"]
[EventDate "2019.??.??"]
[SourceDate "2018.10.06"]

1. b3 e5 2. Bb2 Nc6 3. e3 d6 4. Bb5 Bd7 5. Nf3 Nf6 6. d4 exd4 7. Nxd4 Ne5 8.
Bxd7+ Qxd7 9. Nd2 Be7 10. N2f3 O-O-O 11. Qe2 Nc6 12. O-O-O Nxd4 13. Bxd4 a6 14.
Ng5 Rdf8 15. Qf3 h6 16. Ne4 Qc6 17. Qh3+ Qd7 18. Qxd7+ Kxd7 19. Nxf6+ Bxf6 20.
Bxf6 gxf6 21. Rd4 Rhg8 22. g3 f5 23. Rhd1 Rg6 24. c4 b6 25. Kc2 a5 26. Kd3 Rg4
27. Rd5 Ke6 28. Ke2 Rg5 29. Kf3 Kf6 30. h4 Rg4 31. Rxf5+ Kxf5 32. Rd5+ Kg6 33.
Kxg4 Ra8 34. a4 Rd8 35. e4 Re8 36. Kf4 f6 37. h5+ Kf7 38. g4 Rg8 39. f3 Ke6 40.
Ke3 Rg7 41. Kf4 Rg8 42. Kg3 Rg7 43. f4 Rg8 44. Kh4 Rf8 45. Rf5 Rg8 46. g5 fxg5+
47. fxg5 hxg5+ 48. Rxg5 Rf8 49. h6 Rf1 50. Kh5 1-0

[Event "SC Klein-Berlin Rheine 2 - SC Falke Sae"]
[Site "Verbandsklasse 2018/2019"]
[Date "2019.03.09"]
[Round "7.6"]
[White "Huesmann, Stephan"]
[Black "Bartsch, Rainer"]
[Result "1-0"]
[WhiteElo "1674"]
[BlackElo "1733"]
[PlyCount "57"]
[EventDate "2019.??.??"]
[SourceDate "2018.10.06"]

1. e4 d5 2. exd5 Qxd5 3. d4 Nf6 4. c4 Qd6 5. Nc3 a6 6. Be2 g6 7. Bf3 Bg7 8.
Nge2 e5 9. d5 O-O 10. Ng3 Bd7 11. Be3 Qb4 12. Bd2 Qxc4 13. Rc1 Bg4 14. Nce4
Bxf3 15. Nxf6+ Bxf6 16. Qxf3 Qh4 17. Ne4 Bd8 18. Rc4 Qe7 19. Bb4 Qd7 20. O-O b5
21. Rc3 f5 22. Rfc1 Rf7 23. Nc5 Qd6 24. Ne6 Qxb4 25. Nxd8 Re7 26. d6 e4 27.
dxe7 Qxe7 28. Qd1 Nd7 29. Qd5+ 1-0

[Event "SC Klein-Berlin Rheine 2 - SC Falke Sae"]
[Site "Verbandsklasse 2018/2019"]
[Date "2019.03.09"]
[Round "7.7"]
[White "Roos, Wilfried"]
[Black "Engfer, Klaus"]
[Result "1/2-1/2"]
[WhiteElo "1695"]
[BlackElo "1595"]
[PlyCount "138"]
[EventDate "2019.??.??"]
[SourceDate "2018.10.06"]

1. d4 d5 2. c4 e6 3. Nc3 Nf6 4. Bg5 Be7 5. Nf3 h6 6. Bh4 O-O 7. e3 Nc6 8. Rc1
a6 9. cxd5 exd5 10. Bd3 Rb8 11. O-O Bg4 12. Bb1 Re8 13. a3 Na7 14. Bxf6 Bxf6
15. Na4 c6 16. Nc5 Be7 17. Qc2 g6 18. Rfe1 Bxc5 19. Qxc5 Nc8 20. Ne5 Be6 21. e4
Kg7 22. Re3 Ne7 23. Rg3 dxe4 24. Bxe4 Bd5 25. Qc2 Bxe4 26. Qxe4 Qd5 27. Qxd5
Nxd5 28. h4 Rbd8 29. h5 Nf4 30. Re3 Rxd4 31. hxg6 f6 32. Nf3 Rde4 33. Rxe4 Rxe4
34. Rd1 Nd5 35. g3 Kxg6 36. Nh4+ Kg5 37. Kg2 Re2 38. Nf3+ Kg4 39. Rd4+ Kh5 40.
Rh4+ Kg6 41. Rg4+ Kh7 42. Kf1 Rxb2 43. Nd4 h5 44. Rh4 Kg6 45. g4 hxg4 46. Rxg4+
Kf7 47. Nf5 Ke6 48. Nd4+ Kd6 49. Nf5+ Kc5 50. Rg3 a5 51. Ng7 b5 52. Ne6+ Kb6
53. Ke1 a4 54. Nd4 c5 55. Nf5 c4 56. Nd4 c3 57. Ne2 Rb3 58. Kd1 Rxa3 59. Nd4 b4
60. Nc2 Ra2 61. Rd3 Kc5 62. Rxd5+ Kxd5 63. Nxb4+ Kc4 64. Nxa2 Kb3 65. Nc1+ Kb2
66. f3 a3 67. f4 Kb1 68. Ne2 Kb2 69. Nc1 Kb1 1/2-1/2

[Event "SC Klein-Berlin Rheine 2 - SC Falke Sae"]
[Site "Verbandsklasse 2018/2019"]
[Date "2019.03.09"]
[Round "7.8"]
[White "Koesters, Michael"]
[Black "Rogowski, Friedrich"]
[Result "0-1"]
[WhiteElo "1477"]
[BlackElo "1694"]
[PlyCount "86"]
[EventDate "2019.??.??"]
[SourceDate "2018.10.06"]

1. Nf3 d6 2. c4 e5 3. d3 Be7 4. Nc3 c6 5. g3 Nf6 6. Bg2 O-O 7. O-O h6 8. Bd2
Be6 9. b3 Qd7 10. Qc1 Bh3 11. e4 Bxg2 12. Kxg2 Na6 13. a3 Nc5 14. Ne1 Nxb3 15.
Qb2 Nxa1 16. Qxa1 d5 17. cxd5 cxd5 18. Qb2 dxe4 19. Nxe4 Nxe4 20. dxe4 Bxa3 21.
Qxa3 Qxd2 22. Qe7 Qb2 23. Nf3 Rfe8 24. Qc7 a5 25. Rd1 Rac8 26. Qxa5 b6 27. Qe1
Rc2 28. Rb1 Rxf2+ 29. Kh3 Qe2 30. Qxe2 Rxe2 31. Rb4 f6 32. Kg4 Rb8 33. h3 g6
34. Nh4 Kf7 35. Kf3 Rc2 36. Rb3 b5 37. Ng2 b4 38. Ne3 Rc3 39. Rb2 b3 40. Ke2
Ra8 41. Kd2 Rac8 42. Ke2 Rc2+ 43. Rxc2 bxc2 0-1

[Event "SV Ibbenbüren 1 - Schach Nienberge 2"]
[Site "Verbandsklasse 2018/2019"]
[Date "2019.03.09"]
[Round "7.1"]
[White "Da Costa Campos, Andre"]
[Black "Voskuhl, Jens"]
[Result "0-1"]
[WhiteElo "1930"]
[BlackElo "1914"]
[PlyCount "96"]
[EventDate "2019.??.??"]
[SourceDate "2018.10.06"]

1. e4 d5 2. exd5 Qxd5 3. Nc3 Qa5 4. d4 Nf6 5. Nf3 Bg4 6. h3 Bh5 7. g4 Bg6 8.
Ne5 c6 9. Bg2 Nbd7 10. Qe2 e6 11. Bd2 Nxe5 12. dxe5 Nd7 13. f4 Qb6 14. O-O-O
O-O-O 15. Rhf1 h5 16. f5 Bh7 17. fxe6 fxe6 18. Bg5 Re8 19. Rf7 Nb8 20. Be3 Qa5
21. Bg5 Bg6 22. Rf3 hxg4 23. hxg4 Bc5 24. a3 Rhf8 25. Ne4 Rxf3 26. Bxf3 Nd7 27.
Nxc5 Qxc5 28. Bf4 Rf8 29. Be3 Qxc2+ 30. Qxc2 Bxc2 31. Kxc2 Rxf3 32. Bxa7 Nxe5
33. Re1 Nxg4 34. Rxe6 Rf7 35. Re8+ Kd7 36. Rb8 Ke6 37. b4 Nf6 38. a4 g5 39. a5
g4 40. Kd3 g3 41. Ke2 Kd5 42. Bc5 Kc4 43. a6 bxa6 44. Rb6 Kd5 45. Rxa6 Ne4 46.
Be3 g2 47. Ra8 Ng3+ 48. Kd3 Rf3 0-1

[Event "SV Ibbenbüren 1 - Schach Nienberge 2"]
[Site "Verbandsklasse 2018/2019"]
[Date "2019.03.09"]
[Round "7.2"]
[White "Welp, Michael"]
[Black "Schipke, Thorsten"]
[Result "0-1"]
[WhiteElo "1872"]
[BlackElo "1860"]
[PlyCount "108"]
[EventDate "2019.??.??"]
[SourceDate "2018.10.06"]

1. e4 c5 2. Nf3 Nf6 3. Nc3 e6 4. Be2 Nc6 5. O-O d5 6. exd5 exd5 7. d4 c4 8. Re1
Be7 9. Bg5 O-O 10. Ne5 Bf5 11. Bf3 Be6 12. a3 Ne8 13. Nxc6 bxc6 14. Bxe7 Qxe7
15. b4 Nd6 16. Qd2 Qf6 17. Na4 Nf5 18. c3 Nh4 19. Bd1 Bh3 20. Re5 Bxg2 21. f4
Be4 22. Nc5 Bf5 23. Bh5 Qh6 24. Bd1 Qg6+ 25. Kh1 Rfe8 26. Ra2 Rxe5 27. fxe5
Be4+ 28. Nxe4 Qxe4+ 29. Kg1 Nf3+ 30. Bxf3 Qxf3 31. Ra1 a5 32. Rf1 Qg4+ 33. Qg2
Qxg2+ 34. Kxg2 axb4 35. axb4 Ra3 36. Rf3 Kf8 37. Kg3 Ke7 38. Kg4 Ra2 39. h3 Rd2
40. h4 h6 41. h5 Rg2+ 42. Kh3 Rg5 43. Kh4 Ke6 44. Re3 Rg1 45. Rf3 f6 46. Re3
Rh1+ 47. Kg3 Rxh5 48. exf6+ Kxf6 49. Re8 Rg5+ 50. Kh3 Rg6 51. Rb8 Kf5 52. Rb7
Ke4 53. Rb6 Rf6 54. b5 cxb5 0-1

[Event "SV Ibbenbüren 1 - Schach Nienberge 2"]
[Site "Verbandsklasse 2018/2019"]
[Date "2019.03.09"]
[Round "7.3"]
[White "Wetterau, Georg"]
[Black "Kellmann, Dominik"]
[Result "1-0"]
[WhiteElo "1804"]
[BlackElo "1777"]
[PlyCount "63"]
[EventDate "2019.??.??"]
[SourceDate "2018.10.06"]

1. e4 e5 2. Nf3 Nc6 3. Bc4 Bc5 4. Nc3 d6 5. h3 Nf6 6. d3 h6 7. Qe2 Be6 8. Bb3
O-O 9. g4 Nd4 10. Nxd4 exd4 11. Nd1 Bxb3 12. axb3 Nd7 13. h4 d5 14. g5 dxe4 15.
gxh6 exd3 16. Qxd3 Ne5 17. Qg3 g6 18. h7+ Kxh7 19. Kf1 Qd5 20. Rh3 Qe6 21. h5
g5 22. Bxg5 Rg8 23. f4 f6 24. Nf2 d3 25. Nxd3 Nxd3 26. Qxd3+ Kh8 27. Re1 Qc6
28. Qc3 Kh7 29. Qxf6 Rxg5 30. Qxg5 Rg8 31. Qf5+ Kh8 32. Qe5+ 1-0

[Event "SV Ibbenbüren 1 - Schach Nienberge 2"]
[Site "Verbandsklasse 2018/2019"]
[Date "2019.03.09"]
[Round "7.4"]
[White "Langer, Ralf"]
[Black "Weist, Thorsten"]
[Result "1/2-1/2"]
[WhiteElo "1734"]
[BlackElo "1724"]
[PlyCount "46"]
[EventDate "2019.??.??"]
[SourceDate "2018.10.06"]

1. d4 Nf6 2. c4 g6 3. Nc3 Bg7 4. g3 O-O 5. Bg2 d6 6. Nf3 Nbd7 7. O-O e5 8. dxe5
Nxe5 9. Nxe5 dxe5 10. Be3 c6 11. Qxd8 Rxd8 12. Rfd1 Be6 13. b3 Ng4 14. Bg5 f6
15. Bd2 f5 16. h3 Nf6 17. Rac1 Rd7 18. Be3 e4 19. f3 exf3 20. Bxf3 Rad8 21.
Rxd7 Rxd7 22. Rd1 Rxd1+ 23. Nxd1 a6 1/2-1/2

[Event "SV Ibbenbüren 1 - Schach Nienberge 2"]
[Site "Verbandsklasse 2018/2019"]
[Date "2019.03.09"]
[Round "7.5"]
[White "Schulte Austum, Frank"]
[Black "Wolf, Sergej"]
[Result "1/2-1/2"]
[WhiteElo "1738"]
[BlackElo "1734"]
[PlyCount "70"]
[EventDate "2019.??.??"]
[SourceDate "2018.10.06"]

1. d4 Nf6 2. Nf3 e6 3. Bg5 b6 4. e3 Bb7 5. Bd3 Be7 6. O-O O-O 7. c4 d6 8. Nc3
Nbd7 9. e4 h6 10. Bf4 Nh5 11. Be3 Nhf6 12. h3 e5 13. Qe2 Re8 14. d5 Nc5 15. Bc2
a5 16. b3 Nh7 17. a3 Ng5 18. b4 Nd7 19. Nd2 Bf6 20. Ba4 Rf8 21. h4 Nh7 22. Qg4
Bc8 23. Bxh6 Nc5 24. Qg3 Nxa4 25. Nxa4 Kh8 26. Be3 Bxh4 27. Qh2 Bd7 28. Nc3 Kg8
29. Nf3 Bf6 30. c5 bxc5 31. bxc5 Qe7 32. c6 Bc8 33. Rfb1 Ba6 34. Nb5 a4 35. Rb4
Bxb5 1/2-1/2

[Event "SV Ibbenbüren 1 - Schach Nienberge 2"]
[Site "Verbandsklasse 2018/2019"]
[Date "2019.03.09"]
[Round "7.6"]
[White "Werremeyer, Achim"]
[Black "Scharlow, Siegmar"]
[Result "0-1"]
[WhiteElo "1702"]
[BlackElo "1689"]
[PlyCount "82"]
[EventDate "2019.??.??"]
[SourceDate "2018.10.06"]

1. Nf3 d5 2. d4 Nc6 3. c4 Bg4 4. Ne5 Nxe5 5. dxe5 dxc4 6. Qa4+ Bd7 7. Qxc4 e6
8. Nc3 a6 9. Bf4 b5 10. Qd3 Bc6 11. Qc2 Ne7 12. Rd1 Qc8 13. e4 Ng6 14. Bg3 Bb4
15. a3 Bxc3+ 16. bxc3 O-O 17. Bd3 Bb7 18. O-O c5 19. f4 c4 20. Be2 Qc5+ 21. Kh1
Rfd8 22. Bf3 Ne7 23. a4 Ng6 24. Bf2 Qe7 25. g3 Rxd1 26. Rxd1 Rd8 27. Bd4 Bc6
28. axb5 axb5 29. Ra1 Qb7 30. Ra7 Qb8 31. Ra6 Qb7 32. Ra7 Qb8 33. Qa2 h5 34.
Ra6 Qb7 35. Qa5 Rxd4 36. cxd4 Bxe4 37. Bxe4 Qxe4+ 38. Kg1 Qxd4+ 39. Kg2 Qe4+
40. Kh3 Nxf4+ 41. Kh4 g5+ 0-1

[Event "SV Ibbenbüren 1 - Schach Nienberge 2"]
[Site "Verbandsklasse 2018/2019"]
[Date "2019.03.09"]
[Round "7.7"]
[White "Hagemann, Lars"]
[Black "Stoecker, Ralph"]
[Result "1-0"]
[WhiteElo "1684"]
[BlackElo "2022"]
[PlyCount "67"]
[EventDate "2019.??.??"]
[SourceDate "2018.10.06"]

1. e4 c6 2. Nc3 d5 3. Nf3 dxe4 4. Nxe4 Bf5 5. Ng3 Bg6 6. h4 f6 7. h5 Bf7 8. d4
Na6 9. c3 Nc7 10. Bd3 Qd7 11. Qc2 h6 12. Nh4 O-O-O 13. Bg6 Bd5 14. Bf4 e5 15.
dxe5 fxe5 16. Bxe5 Ne7 17. O-O-O Qg4 18. Rd4 Qg5+ 19. Bf4 Qf6 20. Be3 Ne6 21.
Rd2 Nf4 22. Ne4 Qe5 23. Nf3 Qc7 24. Rhd1 Nexg6 25. hxg6 Be7 26. Nc5 Nxg2 27.
Qf5+ Kb8 28. Ne5 Nxe3 29. Ncd7+ Ka8 30. fxe3 b5 31. e4 Bxa2 32. Kc2 Bg5 33. Rd6
Qa5 34. Nc5 1-0

[Event "SV Ibbenbüren 1 - Schach Nienberge 2"]
[Site "Verbandsklasse 2018/2019"]
[Date "2019.03.09"]
[Round "7.8"]
[White "Hartmann, Viktor"]
[Black "Van de Vyle, Jan"]
[Result "1/2-1/2"]
[WhiteElo "1642"]
[BlackElo "1752"]
[PlyCount "36"]
[EventDate "2019.??.??"]
[SourceDate "2018.10.06"]

1. d4 d5 2. c4 Nc6 3. c5 e5 4. e3 Nf6 5. Be2 Be7 6. Nc3 O-O 7. a3 Re8 8. b4 a6
9. Bb2 exd4 10. exd4 Bf8 11. Nf3 Bg4 12. O-O Qd7 13. Re1 Qf5 14. Rc1 Qg6 15.
Kh1 Ne4 16. Nxe4 Rxe4 17. Ne5 Bxe2 18. Rxe2 Nxe5 1/2-1/2

[Event "SK Königsspringer Nordwalde 1 - SC Roch"]
[Site "Verbandsklasse 2018/2019"]
[Date "2019.03.09"]
[Round "7.1"]
[White "Bahr, Maximilian"]
[Black "Sandmann, Matthias"]
[Result "1-0"]
[WhiteElo "1664"]
[BlackElo "1755"]
[PlyCount "41"]
[EventDate "2019.??.??"]
[SourceDate "2018.10.06"]

1. d4 Nf6 2. c4 c5 3. d5 e6 4. Nc3 exd5 5. cxd5 d6 6. e4 a6 7. Nf3 b5 8. Qc2 g6
9. a3 Bg7 10. Be2 O-O 11. O-O Re8 12. Bg5 Nbd7 13. Rfe1 Qc7 14. Bd3 Rb8 15. Qd2
Ng4 16. Rac1 Nge5 17. Be2 b4 18. Nd1 bxa3 19. bxa3 Rb3 20. a4 Rb4 21. Qxb4 1-0

[Event "SK Königsspringer Nordwalde 1 - SC Roch"]
[Site "Verbandsklasse 2018/2019"]
[Date "2019.03.09"]
[Round "7.2"]
[White "Lerke, Bernd"]
[Black "Gerighausen, Karl Heinz"]
[Result "1-0"]
[WhiteElo "1843"]
[BlackElo "1675"]
[PlyCount "87"]
[EventDate "2019.??.??"]
[SourceDate "2018.10.06"]

1. Nf3 c5 2. b3 d5 3. Bb2 Nc6 4. e3 Bg4 5. Be2 e6 6. d3 Nf6 7. Nbd2 Be7 8. Ne5
Bxe2 9. Qxe2 Nxe5 10. Bxe5 O-O 11. O-O Nd7 12. Bg3 Bh4 13. Qg4 Bxg3 14. Qxg3
Rc8 15. f4 f5 16. Nf3 Nf6 17. Qe1 b5 18. a4 b4 19. a5 Qd6 20. Ra4 Rf7 21. h3
Rfc7 22. Ne5 Nd7 23. Nxd7 Rxd7 24. Rf2 Rdc7 25. c3 c4 26. dxc4 dxc4 27. Rxb4
cxb3 28. Rxb3 Qd5 29. Ra3 Rd8 30. Re2 Rcd7 31. Ra1 Qe4 32. Rc1 Qc4 33. e4 Qc5+
34. Kh1 Qxa5 35. exf5 Qxf5 36. Rxe6 h6 37. Re8+ Rxe8 38. Qxe8+ Kh7 39. Qe3 a5
40. c4 Rd3 41. Qf2 Qe4 42. c5 Rxh3+ 43. Kg1 Qc6 44. gxh3 1-0

[Event "SK Königsspringer Nordwalde 1 - SC Roch"]
[Site "Verbandsklasse 2018/2019"]
[Date "2019.03.09"]
[Round "7.3"]
[White "Fehlings, Gerd"]
[Black "Kasubke, Manfred"]
[Result "0-1"]
[WhiteElo "1772"]
[BlackElo "1846"]
[PlyCount "100"]
[EventDate "2019.??.??"]
[SourceDate "2018.10.06"]

1. d4 f5 2. g3 g6 3. Bg2 Bg7 4. Nh3 Nh6 5. O-O Nf7 6. c4 Nc6 7. d5 Nce5 8. Qc2
c5 9. Nd2 Rb8 10. Rb1 O-O 11. e4 d6 12. b3 fxe4 13. Nxe4 Nf3+ 14. Bxf3 Bxh3 15.
Bg2 Qd7 16. Bxh3 Qxh3 17. Ng5 Nxg5 18. Bxg5 Rf5 19. Be3 Rbf8 20. f4 e5 21. dxe6
R5f6 22. Qg2 Qxg2+ 23. Kxg2 Rxe6 24. Rfe1 Rfe8 25. Kf3 Bc3 26. Re2 Kf7 27. Rd1
R8e7 28. Rd3 Bd4 29. Kf2 a6 30. a4 b6 31. Kf3 Re4 32. h3 Ke8 33. g4 Kd7 34. Re1
Kc6 35. Re2 b5 36. axb5+ axb5 37. cxb5+ Kxb5 38. Re1 Kc6 39. Re2 d5 40. h4 h5
41. g5 Kd6 42. Re1 Bxe3 43. f5 d4 44. f6 R7e5 45. Ra1 Rf4+ 46. Kg3 Rg4+ 47. Kh3
Rf5 48. Re1 Rf3+ 49. Kh2 Bf4+ 50. Kh1 Rxd3 0-1

[Event "SK Königsspringer Nordwalde 1 - SC Roch"]
[Site "Verbandsklasse 2018/2019"]
[Date "2019.03.09"]
[Round "7.4"]
[White "Holstegge, Ludger"]
[Black "Schulte, Ralf"]
[Result "1/2-1/2"]
[WhiteElo "1761"]
[BlackElo "1789"]
[PlyCount "22"]
[EventDate "2019.??.??"]
[SourceDate "2018.10.06"]

1. c4 e6 2. d4 d5 3. Nf3 Nf6 4. Nc3 Be7 5. Bg5 Nbd7 6. e3 O-O 7. Bd3 h6 8. Bh4
dxc4 9. Bxc4 Nd5 10. Bxe7 Qxe7 11. a3 Nxc3 1/2-1/2

[Event "SK Königsspringer Nordwalde 1 - SC Roch"]
[Site "Verbandsklasse 2018/2019"]
[Date "2019.03.09"]
[Round "7.5"]
[White "Fuhrmann, Andreas"]
[Black "Keller, Hansjuergen"]
[Result "1/2-1/2"]
[WhiteElo "1651"]
[BlackElo "1653"]
[PlyCount "66"]
[EventDate "2019.??.??"]
[SourceDate "2018.10.06"]

1. Nf3 d5 2. c4 e6 3. b3 Nf6 4. g3 Be7 5. Bg2 O-O 6. O-O dxc4 7. bxc4 c5 8. Bb2
Nc6 9. e3 Qc7 10. Nc3 a6 11. Qe2 Rd8 12. d3 b6 13. Rfd1 Bb7 14. Rab1 Rab8 15.
Ba1 Nd7 16. Ne1 Bf6 17. f4 Ne7 18. a4 Bxg2 19. Qxg2 Bxc3 20. Bxc3 e5 21. Qe4
Nc6 22. Nf3 Re8 23. f5 f6 24. Qg4 Nf8 25. h4 Qf7 26. Nd2 Red8 27. Ne4 a5 28. h5
Nb4 29. Bxb4 cxb4 30. h6 Kh8 31. Qxg7+ Qxg7 32. hxg7+ Kxg7 33. d4 exd4 1/2-1/2

[Event "SK Königsspringer Nordwalde 1 - SC Roch"]
[Site "Verbandsklasse 2018/2019"]
[Date "2019.03.09"]
[Round "7.6"]
[White "Steens, Rudolf"]
[Black "Hoppe, Nico"]
[Result "1/2-1/2"]
[WhiteElo "1779"]
[BlackElo "1652"]
[PlyCount "81"]
[EventDate "2019.??.??"]
[SourceDate "2018.10.06"]

1. e4 c6 2. d3 d5 3. Nd2 g6 4. g3 Bg7 5. Bg2 dxe4 6. dxe4 Nf6 7. Ngf3 O-O 8.
O-O Qc7 9. c3 Nbd7 10. Qc2 Ng4 11. h3 Nge5 12. Nxe5 Nxe5 13. f4 Nd7 14. Nb3 Nb6
15. Nd2 Be6 16. b3 Rad8 17. Bb2 Qd7 18. Rad1 Bxh3 19. Nf3 Qc8 20. c4 Bxb2 21.
Qxb2 Bxg2 22. Kxg2 Rxd1 23. Rxd1 Rd8 24. Rxd8+ Qxd8 25. Qd2 Qxd2+ 26. Nxd2 Nd7
27. Kf3 Kg7 28. g4 e5 29. f5 Kf6 30. b4 c5 31. a3 b6 32. b5 Kg5 33. Nf1 Kf6 34.
Ne3 Ke7 35. Nd5+ Kd8 36. g5 Nf8 37. Kg4 Kd7 38. Nf6+ Ke7 39. Nd5+ Kd7 40. Nf6+
Ke7 41. Nd5+ 1/2-1/2

[Event "SK Königsspringer Nordwalde 1 - SC Roch"]
[Site "Verbandsklasse 2018/2019"]
[Date "2019.03.09"]
[Round "7.7"]
[White "Willermann, Norbert"]
[Black "Diepenbrock, Till"]
[Result "1/2-1/2"]
[WhiteElo "1590"]
[BlackElo "1786"]
[PlyCount "53"]
[EventDate "2019.??.??"]
[SourceDate "2018.10.06"]

1. e4 e5 2. Nf3 Nc6 3. Bc4 Bc5 4. O-O Nf6 5. Nc3 d6 6. h3 Bd7 7. d3 Ne7 8. a3
Ng6 9. Ne2 Qc8 10. Kh2 Nh5 11. c3 b5 12. Ba2 O-O 13. d4 Bb6 14. dxe5 dxe5 15.
Qd3 c6 16. Bg5 h6 17. Be3 Rd8 18. Bxb6 axb6 19. Qe3 c5 20. Bd5 Bc6 21. Bxc6
Qxc6 22. Rfd1 Nf6 23. Ng3 Rd7 24. Rd2 Rad8 25. Rad1 Rxd2 26. Rxd2 Rxd2 27. Nxd2
1/2-1/2

[Event "SK Königsspringer Nordwalde 1 - SC Roch"]
[Site "Verbandsklasse 2018/2019"]
[Date "2019.03.09"]
[Round "7.8"]
[White "Schmalbrock, Andreas"]
[Black "Schmidt, Frank"]
[Result "1-0"]
[WhiteElo "1342"]
[BlackElo "1568"]
[PlyCount "93"]
[EventDate "2019.??.??"]
[SourceDate "2018.10.06"]

1. e4 c5 2. Nc3 Nc6 3. Nf3 g6 4. Bc4 Bg7 5. O-O d6 6. h3 a6 7. Ng5 e6 8. d3
Nge7 9. a4 O-O 10. Re1 h6 11. Nf3 Bd7 12. Bf4 e5 13. Be3 Qc8 14. Kh2 Be6 15.
Qd2 Kh7 16. Ne2 f5 17. Bxe6 Qxe6 18. Qc1 f4 19. Bd2 g5 20. c3 Rac8 21. Qb1 g4
22. Nfg1 Qg6 23. d4 f3 24. Ng3 cxd4 25. cxd4 Nxd4 26. Bc3 Nec6 27. Qd3 h5 28.
Nf5 Nxf5 29. exf5 Rxf5 30. g3 Rf6 31. Qc4 Rff8 32. Rad1 Rf6 33. Re4 Ne7 34. Qb4
a5 35. Qxb7 Re8 36. Bxa5 Ng8 37. Bd2 Rf7 38. Qc6 Nf6 39. Rb4 gxh3 40. Nxh3 Ng4+
41. Rxg4 hxg4 42. Qxe8 gxh3 43. Bb4 Bf8 44. Bxd6 Bxd6 45. Rxd6 Qxd6 46. Qxf7+
Kh6 47. Qxf3 1-0

[Event "SC Gronau 2 - SF Beelen 2"]
[Site "Verbandsklasse 2018/2019"]
[Date "2019.03.09"]
[Round "7.1"]
[White "Waeltermann, Thomas"]
[Black "Kloenne, Tim"]
[Result "1/2-1/2"]
[WhiteElo "1747"]
[BlackElo "1826"]
[PlyCount "37"]
[EventDate "2019.??.??"]
[SourceDate "2018.10.06"]

1. e4 c6 2. d4 d5 3. Nc3 dxe4 4. Nxe4 Nd7 5. Nf3 Ngf6 6. Bd3 Nxe4 7. Bxe4 Nf6
8. Bd3 Bg4 9. h3 Bxf3 10. Qxf3 Qxd4 11. O-O e6 12. Be3 Qd5 13. Qg3 Bd6 14. c4
Bxg3 15. cxd5 Nxd5 16. Bd4 Bh4 17. Bxg7 Rg8 18. Be5 Bf6 19. Bxh7 1/2-1/2

[Event "SC Gronau 2 - SF Beelen 2"]
[Site "Verbandsklasse 2018/2019"]
[Date "2019.03.09"]
[Round "7.2"]
[White "Rothkegel, Juergen"]
[Black "Beckmann, Frank"]
[Result "1-0"]
[WhiteElo "1835"]
[BlackElo "1749"]
[PlyCount "63"]
[EventDate "2019.??.??"]
[SourceDate "2018.10.06"]

1. e4 e6 2. d4 d5 3. Nc3 dxe4 4. Nxe4 Nf6 5. Nxf6+ Qxf6 6. Nf3 h6 7. Bd3 Bd7 8.
Ne5 Bd6 9. Qe2 Qe7 10. O-O Nc6 11. Nf3 Nb4 12. Be4 c6 13. c4 O-O-O 14. a3 Na6
15. b4 Nb8 16. b5 f5 17. Bd3 Rde8 18. Ne5 Rhg8 19. a4 g5 20. c5 Bc7 21. a5 Bxe5
22. dxe5 f4 23. a6 bxa6 24. bxc6 Bxc6 25. Bxa6+ Bb7 26. Bxb7+ Qxb7 27. c6 Nxc6
28. Ba3 Rd8 29. Rfb1 Qa8 30. Qa6+ Kd7 31. Rb7+ Ke8 32. Qxc6+ 1-0